[Event "Provincial-ch Xixona Preferente"]
[Site "Xixona"]
[Date "2013.10.05"]
[Round "1"]
[White "Sargsyan Manukyan, Gurgen"]
[Black "Talavera Moya, Salvador"]
[Result "0-1"]
[WhiteElo "1095"]
[BlackElo "1595"]
[PlyCount "24"]
[EventDate "2013.10.05"]
[EventType "swiss"]
[EventRounds "7"]
[EventCountry "ESP"]
[SourceTitle "EXT 2024"]
[Source "ChessBase"]
[SourceDate "2023.10.10"]
[SourceVersion "1"]
[SourceVersionDate "2023.10.10"]
[SourceQuality "1"]

1. e4 e5 2. Nf3 Nc6 3. Nc3 Nf6 4. Be2 Bc5 5. 0-0 0-0 6. d3 d5 7. Bg5 dxe4 8. Nxe4 Be7 9. Nxf6+ Bxf6 10. Be3 b6 11. Qd2 Nd4 12. Bxd4 exd4 0-1